| 000 | 004800000a22001810004500 | ||
|---|---|---|---|
| 003 | MACL | ||
| 005 | 20160120114749.0 | ||
| 008 | 160120b xxu||||| |||| 00| 0 eng d | ||
| 040 |
_aMACL _cMACL |
||
| 041 | _aEnglish | ||
| 082 | _a005.368/KIM | ||
| 100 |
_aKimmel, Paul _933466 |
||
| 245 |
_aMicrosoft Access 2000 Programming _bin 24 Hours |
||
| 260 |
_bSams Techmedia _c2000 _aNew Delhi |
||
| 350 | _a165 | ||
| 650 |
_aComputer programing _933180 |
||
| 942 |
_cBK _k005.568/Kim _2ddc |
||
| 999 |
_c31014 _d31014 |
||